000
00262nam a2200109Ia 4500
008
190216s9999||||xx |||||||||||||| ||und||
100
_a
Katyal J C & Dhiman S K
245
0
_a
Management Accounting
260
_b
Pradeep Pub
_c
1982
300
_a
548p
942
_c
BK
999
_c
4987
_d
4987